Statistics for FIFA Games

Click here to take the quiz!

General Stats

  • This quiz has been taken 172 times
    (127 since last reset)
  • The average score is 124 of 168

Answer Stats

ConsoleGame% Correct
Playstation 4 | Switch | Xbox OneFIFA 20
96%
DS | PSP | Playstation 2 | +3 othersFIFA Soccer 11
96%
Playstation 3 | Playstation 4 | Switch | +2 othersFIFA 19
95%
3DS | Playstation VitaFIFA 12
94%
Playstation 3 | Playstation 4 | Playstation Vita | +2 othersFIFA 14
94%
PlayStation 5 | Playstation 4 | Switch | +2 othersFIFA 21
94%
PSP | Playstation 2 | Playstation 3 | +2 othersFIFA Soccer 12
94%
Playstation 3 | Playstation 4 | Xbox 360 | Xbox OneFIFA 17
93%
Playstation 3 | Playstation 4 | Switch | +2 othersFIFA 18
93%
Playstation 3 | Playstation 4 | Xbox 360 | Xbox OneFIFA 15
92%
3DS | Playstation Vita | WiiFIFA 15: Legacy Edition
92%
Playstation 3 | Playstation 4 | Xbox 360 | Xbox OneFIFA 16
92%
3DS | Playstation VitaFIFA 13
91%
3DSFIFA 14
91%
PSP | Playstation 3 | Wii | +2 othersFIFA Soccer 13
91%
PSP2010 FIFA World Cup
90%
DS | PSP | Playstation 2 | +3 othersFIFA Soccer 10
90%
PSP2006 FIFA World Cup
89%
WiiFIFA 09 All-Play
88%
Gamecube | Playstation | Playstation 2FIFA 2002
88%
GameBoy Advance | Gamecube | Playstation | +2 othersFIFA 2003
88%
Gamecube | N-Gage | Playstation | +2 othersFIFA 2005
88%
DS | GameBoy Advance | Gamecube | +3 othersFIFA 2006
88%
DS | GameBoy Advance | Gamecube | +4 othersFIFA 2007
88%
DS | PSP | Playstation 2 | +2 othersFIFA 2008
88%
PlaystationFIFA 98
88%
Nintendo 64 | PlaystationFIFA 99
88%
Sega SaturnFIFA Road to World Cup 98
88%
DS | PSP | Playstation 2 | +2 othersFIFA Soccer 09
88%
GameBoy Advance | Gamecube | N-Gage | +3 othersFIFA 2004
87%
Nintendo 64 | PlaystationFIFA Road to World Cup 98
87%
Playstation | Playstation 2FIFA 2001
86%
Playstation | Sega Genesis | Sega Saturn | Super NintedoFIFA 96
82%
Game GearFIFA Soccer 96
82%
GameBoy Color | PlaystationFIFA 2000
81%
Playstation | Sega Saturn | Super NintendoFIFA 97
81%
Sega GenesisFIFA 97 Gold
81%
GameBoyFIFA Soccer '96
79%
Sega GenesisFIFA 95
78%
GameBoyFIFA 97
78%
Gamecube | Playstation 2 | XboxFIFA Street
41%
DS | Gamecube | PSP | +2 othersFIFA Street 2
25%
XboxFIFA 2002 World Cup
23%
DS | Playstation 3 | Xbox 360FIFA Street 3
23%
Xbox 360FIFA 2006 Road to World Cup
21%
Xbox 3602010 FIFA World Cup
19%
Xbox 3602014 FIFA World Cup Brazil
18%
Playstation 3FIFA 2008
18%
GameBoy AdvanceFIFA 2005
16%
Playstation 3 | Xbox 360FIFA Street 4
16%
PSPFIFA Soccer
13%
3DO | Game Gear | Master System | +3 othersFIFA International Soccer
9%
GameBoy Advance2006 FIFA World Cup
6%
Wii2010 FIFA World Cup
6%
GamecubeFIFA World Cup 2006 Germany
6%
Playstation 32010 FIFA World Cup
5%
Nintendo 64FIFA 64
4%
Playstation 32014 FIFA World Cup Brazil
3%
Gamecube | PlaystationFIFA 2002 World Cup
1%
Playstation 2 | XboxFIFA World Cup 2006 Germany
1%

Score Distribution

Percentile by Number Answered

Percent of People with Each Score

Your Score History

You have not taken this quiz since the last reset